28 兵庫県の市町村 人口順 - Statistics

General Stats
  • This quiz has been taken 4 times
  • The average score is 22 of 41
Answer Stats
順位 人口 市町村 % Correct
1 1,486,038 神戸市
100%
2 516,529 姫路市
100%
3 481,234 西宮市
100%
4 454,737 尼崎市
100%
5 306,536 明石市
100%
6 253,487 加古川市
100%
7 219,715 宝塚市
100%
8 194,966 伊丹市
100%
9 148,191 川西市
100%
10 103,914 三田市
100%
11 91,929 芦屋市
100%
14 71,056 三木市
100%
12 83,711 高砂市
75%
13 71,495 豊岡市
75%
15 70,086 たつの市
75%
16 57,477 丹波市
75%
41 9,445 神河町
75%
18 42,599 赤穂市
50%
20 40,148 加西市
50%
39 11,824 新温泉町
50%
17 45,956 小野市
25%
19 40,811 南あわじ市
25%
21 39,663 淡路市
25%
22 39,538 加東市
25%
23 38,758 洲本市
25%
24 37,312 丹波篠山市
25%
25 35,839 西脇市
25%
26 33,750 播磨町
25%
27 32,719 太子町
25%
28 31,161 宍粟市
25%
29 29,742 稲美町
25%
30 27,410 猪名川町
25%
31 26,513 朝来市
25%
32 26,169 相生市
25%
33 19,836 養父市
25%
34 18,667 福崎町
25%
36 13,968 香美町
25%
37 13,940 佐用町
25%
38 12,649 上郡町
25%
40 9,996 市川町
25%
35 17,304 多可町
0%
No matching quizzes found
Score Distribution
Percent of People with Each Score
Percentile by Number Answered
Your Score History
You have not taken this quiz